Journal of applied mathematics and mechanics

Salvato in:
Dettagli Bibliografici
Natura: Periodico
Lingua:slovacco
Pubblicazione: New York Pergamon Press 1973
Tags: Aggiungi Tag
Nessun Tag, puoi essere il primo ad aggiungerne!!

MARC

LEADER 00000nas2a2200000$$$4500
001 0009717
005 20250730114243.7
022 |a 0021-8928 
041 0 |a slo 
044 |a SK 
245 1 0 |a Journal of applied mathematics and mechanics 
264 1 |a New York  |b Pergamon Press  |c 1973 
773 0 |w eu_un_cat*0009086